000 00635nam a2200205 u 4500
005 20240924071307.0
008 150512s2001 r 000 0 eng d
020 _a8477208387
035 _aUPN01000203415
049 _aI
050 4 _aPZ75
_bC6.3
100 1 _aCollins, H. Elizabeth,
_d1972-
_937199
245 1 0 _aDormir con los ángeles /
_cH. Elizabeth Collins ; il. de Judy Kuusisto ; tr. por Lidia Bayona.
260 _aBarcelona, Esp. :
_bObelisco,
_c2001.
300 _a[22] p. :
_bil. col.
650 4 _aLiteratura infantil
_94445
650 4 _aANGELES EN LA LITERATURA
_912871
905 _aInfantil
999 _c175516
_d175516